Za 2 roky vychoval chlpatých šampiónov! vysokoškolák Lukáš Packo (22)

Bibliographic Details
Main Author: Rojková, Jana (Author)
Format: Article
Language:Slovak
PhysicalDescription:Fotogr.
ISSN:1335-4630
Subjects:
Online Access:https://www.cas.sk/clanok/507344/psie-zaprahy-su-pre-vysokoskolaka-lukasa-packa-vasnou-za-2-roky-vychoval-chlpatych-sampionov/

MARC

LEADER 00000nab a2200000 ar4500
001 vtls011613505
003 SK-MaSNL
005 20260304013335.0
008 170223c20170206xo mr|p|||||||000 b|slo
038 |a SNSK 
040 |b slo  |c SNSK  |e AACR2 
041 |a slo 
044 |a xo  |c SK 
080 |a 636.7  |2 2011 
080 |a 798.8  |2 2011 
100 1 |a Rojková, Jana  |4 aut  |9 268737 
245 1 0 |a Za 2 roky vychoval chlpatých šampiónov!  |b vysokoškolák Lukáš Packo (22)  |c Jana Rojková 
300 |b Fotogr. 
600 1 7 |a Packo, Lukáš,  |c mašér  |2 snsk  |9 1294227 
611 1 7 |a majstrovstvá Európy  |2 snsk  |9 877639 
650 0 7 |a šport psích záprahov  |2 snsk  |9 51562 
650 0 7 |a mašéri  |2 snsk  |9 30713 
651 7 |a Humenné (Slovensko)  |2 snsk  |9 19199 
773 0 |t Nový Čas  |g Roč. 27, č. 30 (6.2.2017), s. 10-11  |x 1335-4630 
852 |a SNSK  |b KIS3GCP 
856 4 1 |u https://www.cas.sk/clanok/507344/psie-zaprahy-su-pre-vysokoskolaka-lukasa-packa-vasnou-za-2-roky-vychoval-chlpatych-sampionov/ 
999 |c 2575371  |d 2577301